01441nam a2200289 a 450000100100000000500170001000800410002702000180006804000250008608200230011110000290013424501250016325000330028826000360032130000470035750000710040450001090047550400310058459000270061565000330064265000400067570000440071595201270075995201210088695201270100799900170113400004819820240306073901.0121115s2015 dr acd 000 0 spa d a9789945160383 aDO-SdBNPbspacBNPHU a659.2bR741g, 20151 aRojas F., J. Luis92249410aGestión de las relaciones públicas :bantecedentes, naturaleza y casos /cJ. Luis Rojas ; prólogo José Mármol. a4a. ed. corregida y ampliada aSanto Domingo :bBúho,c2015. a494 p. :bil., gráfcs., retrs. ;c26 cm. aIncluye datos biográficos del autor en la solapa de la cubierta. aUna guía para facilitar los procesos de aprendizaje y gestión de las relaciones públicas actuales. aBibliografía: p: 491-494 aInventariado, 2019/ YL 4aRelaciones públicas922495 4aPlanificación estratégica9243312aMármol, José,d1960-epról.96454 0010718DSaGRbGRcHDd2018-12-05iLF1l0o659.2 R741g, 2015p48198-30r2020-06-25te. 3w2020-06-25yLFDSZNo se presta 0010718PDaPDbPDcHDd2018-12-05iLF1l0o659.2 R741g, 2015p48198-10r2020-06-25w2020-06-25yLFPDZNo se presta 0010718PDaPDbPDcHDd2018-12-05iLF1l0o659.2 R741g, 2015p48198-20r2020-06-25te. 2w2020-06-25yLFPDZNo se presta c47686d47686